| 000 | 01007nam a22003017a 4500 | ||
|---|---|---|---|
| 001 | BR7904104 | ||
| 003 | BR-BrBNA | ||
| 005 | 20230928090032.0 | ||
| 007 | ta | ||
| 008 | 230509b bl.||||| |||| 00| 0 por d | ||
| 040 |
_aBR-BrBNA _bpor _cBiblioteca Nacional de Agricultura |
||
| 041 | _a(Por) | ||
| 072 |
_aE10; Q10 _b/G514 |
||
| 090 | _ E10 BR7904104 | ||
| 100 | 1 | _aGorgatti Netto, A. | |
| 110 | 1 |
_aEmpresa Brasileira de Pesquisa Agropecuaria, Brasilia, DF. Depto. de Informacao e Documentacao _93872 |
|
| 111 | 1 |
_a3. Seminario y 1. Congresso Latinoamericano de Ciencia y Tecnologia de Alimentos _cBuenos Aires (Argentina) _d5 Nov 1979 |
|
| 245 | 1 | _aAgroindustria alimentar na conjuntura brasileira | |
| 260 | 3 |
_aBrasilia, DF (Brasil): _c1979. |
|
| 300 | _a18 p. | ||
| 500 | _aSummary (Por) | ||
| 650 | _aMacroeconomia | ||
| 650 | _aTecnologia de alimento | ||
| 650 | _aIndustria alimenticia | ||
| 650 | _aDesenvolvimento industrial | ||
| 909 |
_a202309 _bLucia _c55 _dLucia Elande |
||
| 942 | _cBK | ||
| 999 |
_c27529 _d27529 |
||